Inseln anhand größter Stadt #3 (schwer) - Statistiken

Allgemein
  • Dieses Quiz wurde 29 mal gespielt
  • Das Durchschnittsergebnis liegt bei 5 aus 20
Antwortstatistiken
Stadt Insel % Korrekt
Oranjestad Aruba
59%
Longyearbyen Spitzbergen
55%
Wyk Föhr
52%
Juschno-Sachalinsk Sachalin
48%
Odense Fünen
38%
Davao Mindanao
38%
Iqaluit Baffin
28%
Naha Okinawa Hontō
24%
Makasar Sulawesi
24%
Hilo Hawaii
21%
Fort-de-France Martinique
17%
Suva Viti Levu
17%
Hanga Roa Osterinsel
14%
Malabo Bioko
10%
Kuressaare Saaremaa
7%
Hadibu Sokotra
7%
Supetar Brač
3%
Nassau New Providence
3%
Kupang Timor
3%
Harstad Hinnøya
0%
Keine übereinstimmenden Quizze gefunden
Verteilung der Resultate
Anzahl Personen mit jedem Resultat
Perzentil nach korrekt beantworteten Fragen
Ihre Resultats-Entwicklung
Sie haben dieses Quiz noch nicht gespielt